000
00218nam a2200109Ia 4500
999
_c
7560
_d
7560
020
_a
0-19-579529-6
100
_a
Muneeza Shamsie
245
0
_a
Leaving Home
260
_a
UK
_b
Addision
_c
2001
300
_a
434
942
_c
BK